000 00493nam a2200157 4500
001 145311
003 ES-MaACL
005 20230906201215.0
007 t|
008 070214s1942 sp r ||||1| spa d
100 1 _aSoria Marco, Bonifacio.
_9107366
245 1 0 _aSinfonía sublime
_b: novela biográfica sobre Luis de Beethoven /
_cB. Soria Marco.
260 _aMadrid :
_bPatria Hispana,
_c1942 (
_fImp. Sánchez Leal)
300 _a207 p. ;
_c19 cm.
852 _aES-MaACL
_jF-15416
_bR.19497
999 _c145311
_d145311